عرض عادي
عرض مارك
- Montgomery, Douglas C.
مدخل إسم شخص
001 - رقم الضبط
- حقل الضبط: 4368
003 - معرف رقم الضبط
- حقل الضبط: OSt
005 - تاريخ ووقت أخر عملية
- حقل الضبط: 20110913183743.0
008 - عناصر بيانات ثابتة الطول
- حقل تحكم ثابت الطول: 110913|||a|||||| | ||| d
040 ## - مصدر الفهرسة
- هيئة الفهرسة الأصلية: OSt
- وكالة الكتابة: OSt
100 ## - مدخل -- أسم شخص
- إسم شخص: Montgomery, Douglas C.
670 ## - بيانات المصدر موجوده
- الاستشهاد بالمصدر: Work cat.: (OSt)0: Montgomery, Douglas C., Introduction to statistical quality control /, c2005.
